Normal view MARC view
  • Alejandro, Julio,

Entry Nombre Personal

Number of records used in: 1

001 - NUMERO DE CONTROL

  • campo de control: 51773

003 - IDENTIFICADOR DE NUMERO DE CONTROL

  • campo de control: DLC

005 - FECHA Y HORA DE LA ÜLTIMA TRANSACCIÓN

  • campo de control: 20240429123236.0

008 - DATOS DE LONGITUD FIJA

  • campo de control de longitud fija: 860625n| azannaabn |a aaa

010 ## - NÚMERO DE CONTROL DE LA BIBLIOTECA DEL CONGRESO

  • Número de control LC: n 86101980

035 ## - NUMERO DE CONTROL

  • Número de control: (OCoLC)oca01646070

040 ## - FUENTE DE CATALOGACIÓN

  • Agencia original de catalogación: DLC
  • Lenguaje de catalogación: spa
  • Description conventions: rda
  • Agencia de transcripción: DLC
  • Agencia que lo modifica: CLU
  • Agencia que lo modifica: DLC
  • Agencia que lo modifica: OCoLC
  • Agencia que lo modifica: IAhCCS
  • Agencia que lo modifica: DLC
  • Agencia que lo modifica: CU-S
  • Agencia que lo modifica: MX-MxUPN

046 ## - FECHAS CON CODIFICACIÓN ESPECIAL

  • Fecha de nacimiento: 1906-11-27
  • Fecha de muerte: 1995-09-22
  • Fuente del formato de fecha: edtf

100 1# - ENCABEZAMIENTO - NOMBRE PERSONAL

  • Nombre personal: Alejandro, Julio,
  • Fechas asociadas con el nombre: 1906-1995

377 ## - LENGUA ASOCIADA

  • Language code: spa

400 1# - VEÁSE - NOMBRE DE PERSONA

  • Personal name: Alejandro de Castro, Julio,
  • Dates associated with a name: 1906-1995

400 1# - VEÁSE - NOMBRE DE PERSONA

  • Personal name: Castro Cardús, Julio Alejandro de,
  • Dates associated with a name: 1906-1995

400 1# - VEÁSE - NOMBRE DE PERSONA

  • Personal name: Castro, Julio Alejandro de,
  • Dates associated with a name: 1906-1995

670 ## - FUENTE EN LA QUE SE LOCALIZARON DATOS

  • Cita de la fuente: LCCN 70-163104: Buñuel, L. Tristana, 1971
  • Información localizada: (hdg.: Alejandro, Julio, 1906- ; usage: Julio Alejandro)

670 ## - FUENTE EN LA QUE SE LOCALIZARON DATOS

  • Cita de la fuente: His Singladura, 1987:
  • Información localizada: t.p. (Julio Alejandro de Castro) verso t.p. (copr. Julio Alejandro de Castro Cardús; Spanish CIP: Castro, Julio Alejandro de)

670 ## - FUENTE EN LA QUE SE LOCALIZARON DATOS

  • Cita de la fuente: Viridiana, 1995:
  • Información localizada: t.p. (Julio Alejandro) p. 4 of cover (d. in Jávea, 1995)

670 ## - FUENTE EN LA QUE SE LOCALIZARON DATOS

  • Cita de la fuente: Wikipedia, December 12, 2023:
  • Información localizada: (Julio Alejandro (27 November 1906-22 September 1995) was a Spanish screenwriter; wrote for 80 films between 1951 and 1984, including the film Ash Wednesday, which was entered into the 8th Berlin International Film Festival; born in Huesca, Aragon, Spain and died in Javea, Valencia, Spain)
  • Uniform Resource Identifier: https://en.wikipedia.org/wiki/Julio%5FAlejandro

670 ## - FUENTE EN LA QUE SE LOCALIZARON DATOS

  • Cita de la fuente: La Güera, 1991 :
  • Información localizada: portada (Julio Alejandro)

902 ## - CATALOGADOR

  • Catalogador: VíctorGodínez/290424